The forked flame ; a study of D. H. Lawrence /

Bibliographic Details
Main Author: Daleski, Herman M.
Format: Book
Language:English
Published: Evanston [Ill.] : Northwestern University Press, 1965.
Subjects:

MARC

Tag First Indicator Second Indicator Subfields
LEADER 00000cam a22000001 4500
001 in00000026708
005 20151007062626.0
008 780117s1965 ilu b 00010beng
010 |a  65024629  
035 |a (OCoLC)00365680 
035 |9 AAD5389AM 
040 |a DLC  |c DLC  |d TXA  |d UtOrBLW 
049 |a TXAM  |c [462524] 
050 0 |a PR6023.A93  |b Z6235 
082 0 |a 823.912 
092 |a 823  |b L419Yda 
100 1 |a Daleski, Herman M. 
245 1 4 |a The forked flame ;  |b a study of D. H. Lawrence /  |c by H. M. Daleski. 
264 1 |a Evanston [Ill.] :  |b Northwestern University Press,  |c 1965. 
300 |a 320 pages ;  |c 23 cm. 
336 |a text  |b txt  |2 rdacontent 
337 |a unmediated  |b n  |2 rdamedia 
338 |a volume  |b nc  |2 rdacarrier 
504 |a Bibliographical footnotes. 
600 1 0 |a Lawrence, D. H.  |q (David Herbert),  |d 1885-1930. 
999 |a MARS 
999 f f |s 701f932d-3176-30df-9852-9a3648fd1d93  |i 9e724551-4eda-3d96-b175-13ecdbe346b0  |t 0 
952 f f |p normal  |a Texas A&M University  |b College Station  |c Sterling C. Evans Library  |d Evans: Library Stacks  |t 0  |e PR6023.A93 Z6235  |h Library of Congress classification  |i unmediated -- volume  |m A14805861107 
998 f f |a PR6023.A93 Z6235  |t 0  |l Evans: Library Stacks